| 000 | 00748nam a2200181 a 4500 | ||
|---|---|---|---|
| 008 | 100621s2002 ||||||||||||||||| || u | ||
| 020 | _a9289416769 | ||
| 050 | _aEURO(02) | ||
| 110 | _aEUROPEAN COMMISSION | ||
| 245 | 1 | 2 | _aA European Union strategy for sustainable development |
| 260 |
_aLuxembourg: _bOffice for Official Publications of the European Communities _c2002 |
||
| 300 | _a119p.: ill | ||
| 350 | _a0.00 | ||
| 650 | 0 | _aAFRICA--ECONOMIC CONDITIONS | |
| 650 | _aEUROPEAN UNION COUNTRIES--ECONOMIC POLICY | ||
| 650 | _aSUSTAINABLE DEVELOPMENT--EUROPEAN UNION COUNTRIES | ||
| 995 |
_D0.00 _FCBU-MAIN LIBRARY (Kitwe) _H1 _I0.00 _M1 _UAVAILABLE _WJun 21, 2010 _ZInternational Publications |
||
| 999 |
_c42606 _d42606 |
||